Statistiques concernant Devinez le Pays Mystère #134

Cliquez ici pour prendre le quiz!

Statistiques générales

  • Ce quiz a été pris 288 fois
  • Le résultat moyen est 9 sur 13

Statistiques - réponses

Type de RéponseRéponse% Correct
Lettre TrouvéeA
99%
Lettre TrouvéeL
84%
Lettre TrouvéeS
80%
Lettre Bien PlacéeA
73%
Lettre TrouvéeA
73%
Lettre Bien PlacéeA
69%
Lettre TrouvéeO
66%
Lettre TrouvéeP
59%
Lettre Bien PlacéeP
55%
Lettre Bien PlacéeL
53%
Lettre Bien PlacéeO
51%
Pays MystèrePalaos
51%
Lettre Bien PlacéeS
51%

Distribution des résultats

Percentile par nombre de réponses

% des personnes avec chaque résultat

Votre développement - résultats

Vous n’avez pas pris ce quiz